| 000 | 00621nam a2200169Ia 4500 | ||
|---|---|---|---|
| 003 | GCL | ||
| 008 | 140319s9999 xx 000 0 ara d | ||
| 040 |
_aGCL / _cGCL |
||
| 082 | 0 | 4 |
_a415.1 _bم ق |
| 100 | 1 | _aمسعد الهوارى | |
| 245 | 1 | 0 |
_aقاموس قواعد اللغة العربية وفن الاعراب: الاستشهاد بالقران الكريم والحديث الشريف والشعر العربى / _cمسعد الهوارى |
| 300 | _a323 ص | ||
| 490 |
_aالهيئة العامة للاستعلامات _v0 |
||
| 650 | 0 | 4 | _aالنحو |
| 650 | 0 | 4 | _aاللغة العربية |
| 942 |
_2ddc _cBK |
||
| 999 |
_c47959 _d47959 |
||